|
|
|
|
| LEADER |
00000nab a2200000 ar4500 |
| 001 |
vtls010479120 |
| 003 |
SK-MaSNL |
| 005 |
20260303192734.0 |
| 008 |
121214c2012 xo sr|p|||||||000 b|slo |
| 038 |
|
|
|a PPPK
|
| 040 |
|
|
|a PPPKCL
|b slo
|c PPPKCL
|e AACR2
|
| 041 |
0 |
|
|a slo
|
| 044 |
|
|
|a xo
|c SK
|
| 080 |
|
|
|a 796.325
|2 2001
|
| 100 |
1 |
|
|a Škára, Stanislav
|4 aut
|9 1037468
|
| 245 |
1 |
0 |
|a „Memoriál Františka Mizdoša" - XVI. ročník
|b 3. Medzinárodné majstrovstvá SR veteránov mužov a žien vo volejbale
|c Ing. Stanislav Škára
|
| 300 |
|
|
|b Fotogr.
|
| 611 |
2 |
7 |
|a Memoriál Františka Mizdoša
|n (16. :
|d 2012 :
|c Kežmarok, Slovensko)
|2 pppkcl
|9 1223319
|
| 611 |
2 |
7 |
|a Medzinárodné majstrovstvá SR veteránov mužov a žien vo volejbale
|n (3. :
|d 2012 :
|c Kežmarok, Slovensko)
|2 pppkcl
|9 1223320
|
| 648 |
|
7 |
|a 4.8.2012
|2 pppkcl
|9 1104142
|
| 650 |
0 |
7 |
|a volejbal
|2 pppkcl
|9 3294
|
| 650 |
0 |
7 |
|a medzinárodné turnaje
|2 pppkcl
|9 29356
|
| 651 |
|
7 |
|a Kežmarok (Slovensko)
|2 pppkcl
|9 26808
|
| 773 |
0 |
|
|t Kežmarok
|g Roč. XX, č. 16 (2012), s. 16-17
|
| 852 |
|
|
|a PPPK
|b KIS3GCP
|
| 999 |
|
|
|c 2148513
|d 2150443
|